5HLuxD.jpg

KING HENRY VIII SENIOR AND PRIMARY SCHOOL LIBRARY OPAC

Tess of the d'Urbervilles / (Record no. 61)

000 -LEADER
fixed length control field 00741cam a2200253 a 4500
001 - CONTROL NUMBER
control field 00235495
003 - CONTROL NUMBER IDENTIFIER
control field OCoLC
005 - DATE AND TIME OF LATEST TRANSACTION
control field 20190724150502.0
008 - FIXED-LENGTH DATA ELEMENTS--GENERAL INFORMATION
fixed length control field 930729c19811971nyu 000 1 eng d
020 ## - INTERNATIONAL STANDARD BOOK NUMBER
International Standard Book Number 0553211684
020 ## - INTERNATIONAL STANDARD BOOK NUMBER
International Standard Book Number 9780553211689
040 ## - CATALOGING SOURCE
Original cataloging agency IWU
Transcribing agency IWU
Modifying agency KH8
049 ## - LOCAL HOLDINGS (OCLC)
Holding library NCKU
082 04 - DEWEY DECIMAL CLASSIFICATION NUMBER
Classification number FIC HAR
100 1# - MAIN ENTRY--PERSONAL NAME
Personal name Hardy, Thomas,
Dates associated with a name 1840-1928.
245 10 - TITLE STATEMENT
Title Tess of the d'Urbervilles /
Statement of responsibility, etc. by Thomas Hardy ; introduction by Robert B. Heilman.
250 ## - EDITION STATEMENT
Edition statement Bantam classic ed.
260 ## - PUBLICATION, DISTRIBUTION, ETC.
Place of publication, distribution, etc. New York :
Name of publisher, distributor, etc. Bantam,
Date of publication, distribution, etc. 1981, c1971.
300 ## - PHYSICAL DESCRIPTION
Extent xxxii, 414 p. ;
Dimensions 18 cm.
504 ## - BIBLIOGRAPHY, ETC. NOTE
Bibliography, etc. note Bibliography: p. 409-414.
600 10 - SUBJECT ADDED ENTRY--PERSONAL NAME
Personal name Hardy, Thomas,
Dates associated with a name 1840-1928.
Title of a work Tess of the d'Urbervilles.
700 10 - ADDED ENTRY--PERSONAL NAME
Personal name Heilman, Robert B.
942 ## - ADDED ENTRY ELEMENTS (KOHA)
Source of classification or shelving scheme
Koha item type Books - Fiction
Holdings
Withdrawn status Lost status Source of classification or shelving scheme Damaged status Not for loan Collection code Permanent Location Current Location Shelving location Date acquired Full call number Barcode Date last seen Price effective from Koha item type
          Fiction KH8 Senior School Library KH8 Senior School Library Fiction 2019-07-24 FIC HAR 3KHSL000101211 2019-07-24 2019-07-24 Books - Fiction

Powered By KH8 IT Dept